Responses for Show #6905 - Friday, September 26, 2014

Catherine Hardee game 4.

Contestants

[<< previous game]

Alan Lange, an actuary from Sarasota, Florida

Tod Macofsky, a massage therapist from West Hollywood, California

Catherine Hardee, a hotel front desk clerk and recent college graduate from Kinston, North Carolina (whose 3-day cash winnings total $58,801)

[next game >>]

Jeopardy! Round responses

HISTORIC NAMES
SLANG
GENERAL SCIENCE
WE LOVE "R" MUSIC
(Alex: Each correct response beginning with the letter R.)
A ROSE GARDEN
FIX THE CAR (NAME)
(Alex: ...by giving the correct synonym for the incorrect word in the clue.)
    $200 1
William Penn

Tod
    $200 18
a zombie

Tod
    $200 11
light

Tod
    $200 23
Otis Redding

Tod
    $200 26
thorns

Alan
    $200 4
Lincoln Town Car

Catherine
    $400 2
Pakistan

Alan
    $400 21
granola

Alan
    $400 14
carbon dioxide

Catherine
    $400 20
Run-D.M.C.

Catherine
    $400 27
Cinco de Mayo

Catherine
    $400 5
(Alan: What is the Regal?)

the Park Avenue

CatherineAlan
    $600 3
Alexandra (of Russia)

Tod
    $600 22
retail

Tod
    $2,000 15
hydrophobia

Catherine
    $600 12
Lionel Richie

Tod
    $600 28
Princess Diana

Tod
    $600 6
the Quest

Catherine
    $800 9
Walter Raleigh

Catherine
    $800 24
meh

Alan
    $800 16
inertia

Alan
    $800 13
"Radioactive"

Catherine
    $800 29
hips

Alan
    $800 7
a Range Rover

Catherine
    $1000 10
the Thirty Years' War

Catherine
    $1000 25
Popsicle stand (Popsicle joint accepted)

Alan
    $1000 17
(Alex: And that would be [*], not cumulus.)

a stratus cloud

Triple Stumper
    $1000 19
the Rhythm Nation

Tod
    $1000 30
Yellow Brick Road

Catherine
    $1000 8
a Land Cruiser

Catherine

Scores at the first commercial break (after clue 15):

Catherine Tod Alan
$8,000 $1,600 $0

Scores at the end of the Jeopardy! Round:

Catherine Tod Alan
$9,800 $4,200 $4,000

Double Jeopardy! Round responses

TEXAS, HOLD 'EM
(Alex: A gambling category I guess... [*]... or is it?)
CLASSICAL LITERATURE
WHY DOES THAT SOUND FAMILIAR?
4-LETTER OPPOSITES
DANIEL RADCLIFFE
& THE CATEGORY OF GEOGRAPHY
    $400 16
(Clyde) Barrow

Catherine
    $400 17
the Illiad

Tod
    $400 12
(Tod: What is Facebook?)
(Catherine: What is TMZ?)

goop.com

CatherineTod
Triple Stumper
    $400 6
calm

Catherine
    $400 22
a lightning bolt

Alan
    $400 1
the Danube

Alan
    $800 23
Selena

Alan
    $800 28
Socrates

Catherine
    $800 13
(Cesar) Chavez

Catherine
    $800 7
rare

Tod
    $800 21
(Catherine: What is The Producers?)

How to Succeed in Business Without Really Trying

CatherineTod
    $3,500 2
(Alex: Yes, site of the World Cup this year and the upcoming Olympics.)

Brazil

Alan
    $1200 24
Huntsville

Alan
    $1200 29
Metamorphoses

Catherine
    $1200 8
(Tod: Who is... ah... sorry.)

Bowe Bergdahl

CatherineTod
    $1200 9
pure

Alan
    $1200 20
(Allen) Ginsberg

Tod
    $1200 3
(Tod: What is Auckland?)
...
(Alex: You're gonna go there--all right!)

Wellington

CatherineTod
    $1,000 25
(Alex: Yes, the man who shot Lee Harvey Oswald. We have less than a minute to go now.)

Jack Ruby

Alan
    $1600 30
Juvenal

Triple Stumper
    $1600 14
Hobby Lobby

Tod
    $1600 10
(Alan: What is stay?)
...
(Alex: You don't flee--you stand and you [*].)

face

Alan
Triple Stumper
    $1600 19
Ricky Gervais

Triple Stumper
    $1600 4
(Tod: What is... Mozambique?)
...
(Alex: Yes, Mozambique's on the mainland.)

Madagascar

CatherineTod
    $2000 26
a judge

Catherine
    $2000 27
Thucydides

Alan
    $2000 15
Paris

Alan
    $2000 11
just

Alan
    $2000 18
Equus

Tod
    $2000 5
(Alex: [*]--you need a keen eye. Correct.)

Kenai

Alan

Scores at the end of the Double Jeopardy! Round:

Catherine Tod Alan
$18,200 $6,600 $18,900

[wagering suggestions for these scores]

Final Jeopardy! Round responses

FAMOUS AMERICANS
(Alex: For the first time this year, we have co-champions--Alan Lange, you're going home with $36,400, and, Catherine Hardee, you now have a 4-day total of $95,201. You two enjoy the weekend. Come back and play again against one challenger on Monday.)
TodWho is Clarence Darrow?
$5,900
CatherineWho was Darrow?
$18,200
AlanWho is Darrow?
$17,500
Clarence Darrow

Final scores:

Catherine Tod Alan
$36,400 $12,500 $36,400
4-day co-champion: $95,201 2nd place: $2,000 New co-champion: $36,400

Game dynamics:

Coryat scores:

Catherine Tod Alan
$16,800 $6,600 $16,800
22 R
(including 1 DD),
2 W
15 R,
4 W
18 R
(including 2 DDs),
2 W

Combined Coryat: $40,200

[game clues] [game scores] [suggest correction]

Game tape date: 2014-07-16
The J! Archive is created by fans, for fans. Scraping, republication, monetization, and malicious use prohibited; this site may use cookies and collect identifying information. See terms. The Jeopardy! game show and all elements thereof, including but not limited to copyright and trademark thereto, are the property of Jeopardy Productions, Inc. and are protected under law. This website is not affiliated with, sponsored by, or operated by Jeopardy Productions, Inc. Join the discussion at JBoard.tv.